000 00672cam a2200253 4500
001 J84472
008 090401t1997 xxu||||| |||| 00| 0 eng d
035 _a(Sirsi) u78868
041 _aeng
050 _a657.3
100 _aPerceval, Clive S.
245 _aManagement and financial reporting.
260 _aAscot, Berks.
_bCIOB
_c1997
300 _a8p. ; 30cm.
350 _a5
490 _aConstruction Papers
_v76
650 _aCONSTRUCTION INDUSTRY
650 _aFINANCIAL REPORTING
650 _aMANAGEMENT
690 _aPROPERTY-PROPERTY FINANCE AND INVESTMENT
710 _aChartered Institute of Building
_92134
942 _n0
948 _c11/06/1997
999 _c96498
_d96498